ՀՀ Գիտությունների ազգային ակադեմիայի հիմնարար գիտական գրադարան  =   Fundamental Scientific Library of NAS RA

Ալեակ : (Record no. 340991)

MARC details
000 -LEADER
fixed length control field 00617nas a2200205 a 4500
001 - CONTROL NUMBER
control field 001042437
003 - CONTROL NUMBER IDENTIFIER
control field AM-YeHGA
005 - DATE AND TIME OF LATEST TRANSACTION
control field 20250617150925.0
008 - FIXED-LENGTH DATA ELEMENTS--GENERAL INFORMATION
fixed length control field 141022c19119999|||mrzp 0 0arm d
040 ## - CATALOGING SOURCE
Original cataloging agency AM-YeHGA
041 0# - LANGUAGE CODE
Language code of text/sound track or separate title arm
090 ## - LOCALLY ASSIGNED LC-TYPE CALL NUMBER (OCLC); LOCAL CALL NUMBER (RLIN)
-- 342776
222 #0 - KEY TITLE
Key title Ալեակ ։
245 00 - TITLE STATEMENT
Title Ալեակ :
Remainder of title Ամսաթերթ /.
260 ## - PUBLICATION, DISTRIBUTION, ETC.
Place of publication, distribution, etc. Ատաբազար :
Name of publisher, distributor, etc. Հրատ. Ատաբազարի հայուհեայ վարժարանի,
Date of publication, distribution, etc. 1911-.
300 ## - PHYSICAL DESCRIPTION
Extent համար ։.
650 04 - SUBJECT ADDED ENTRY--TOPICAL TERM
Topical term or geographic name entry element Ամսագիր
650 14 - SUBJECT ADDED ENTRY--TOPICAL TERM
Topical term or geographic name entry element Կրոն
General subdivision Աստվածաբանություն
Form subdivision Պարբերականներ
942 ## - ADDED ENTRY ELEMENTS (KOHA)
Source of classification or shelving scheme Universal Decimal Classification
Koha item type Շարունակական պաշար / Continuing Resource
Holdings
Withdrawn status Lost status Source of classification or shelving scheme Damaged status Not for loan Collection Home library Current library Date acquired Serial enumeration / chronology Total checkouts Full call number Barcode Date last seen Price effective from Koha item type Public note
    Universal Decimal Classification     Pogharian Individual Collection Fundamental Scientific Library Fundamental Scientific Library 09/01/2017 1911 , № 3   Պող/223 FL0309586 09/01/2017 09/01/2017 Շարունակական պաշար / Continuing Resource ILL Non-Circ.


ՀՀ ԳԱԱ հիմնարար գիտական գրադարան
ՀՀ,Երևան 0019
Մարշալ Բաղրամյան 24/6
հեռախոս:(374-10) 52-47-50
Հետադարձ կապ

All site content, except where otherwise noted, is licensed under a
Creative Commons License